00601nam a2200181Ia 4500008004100000040001900041041001200060082002800072100002000100245006900120260003900189300003600228440003800264504003400302650004700336651001400383850002200397131103s9999 xx 000 0 und d aLoreto College aEnglish a371.426/MYEbLCBED/1383 aMyers,George E. aPrinciples and techniques of vocational guidancecGeorge E.Myers aNew YorkbMcGraw - Hill Bookc1941 axiv,377 p.b ill.,tablesc 22m. aMcGraw - Hill Series In Education aIncludes references and index aSchool Administration, Vocational Guidance aEducation aLCBED/371.426/MYE